000 00632nam a2200229Ia 4500
003 OSt
005 20220923230508.0
006 a|||||r|||| 00| 0
007 ta
008 220922b |||||||| |||| 00| 0 pan d
024 _a282,527
037 _cTextual
040 _aARTS
_cARTS
_bpan
041 _2pan
_apan
082 _aO153,3N401,KP, L9
100 _aਅੰਸਲ, ਕੁਸੁਮ
245 0 _aਕਿਸ ਪਛਾਤਾ ਸਚ
260 _c1979
650 _aਪੰਜਾਬੀ ਸਾਹਿਤ
942 _hO153,3N401,KP, L9
_cTEXL
_2CC
999 _c385240
_d385240